000 00742nam a2200229Ia 4500
003 BUBTL
008 151213s9999 xx 000 0 und d
020 _a0-07-015594-1
082 _bDAM
100 _aWilliam H.Davidson & Jose dela Torre
245 _aInstructor's Manual to Accompany Managing the Global Corporation
_cWilliam H.Davidson & Jose dela Torre
260 _aNew York
_bMc Grow Hill
_c1991
300 _a603p. :
_bill, 28cm; ;
_cMarketing.
440 _91414
_aManaging Strategic Redirection
500 _aIncludes Index.
650 0 _aMarketing
_953
650 0 _aMarketing
_953
700 _aWilliam H.Davidson & Jose dela Torre
856 _k0
_l0
_yDownload
942 _2ddc
_cBK
999 _c1897
_d1897